Cristianismo y sociedad pagana en el imperio romano durante el siglo II

Uloženo v:
Podrobná bibliografie
Hlavní autor: Santos Yanguas, Narciso (Autor)
Médium: Kniha
Jazyk:španělština
Vydáno: Oviedo Universidad de Oviedo 1998
Témata:
Tagy: Přidat tag
Žádné tagy, Buďte první, kdo vytvoří štítek k tomuto záznamu!

MARC

LEADER 00000nam a2200000 a 4500
001 UCL9694
003 CL-VaPUC
008 040820e19980000SP |||||||||||||||||spa|d
020 |a 8483170914 
082 0 4 |a 270.3  |b SAN  |2 21 
100 0 |a Santos Yanguas, Narciso  |e author  |9 487613 
245 1 0 |a Cristianismo y sociedad pagana en el imperio romano durante el siglo II 
300 |a 236 p 
942 |c BK 
945 |d 20040820 00:00:00  |a cmena 
260 |a Oviedo  |b Universidad de Oviedo  |c 1998 
650 0 |a Historia de la iglesia   |9 257565 
650 0 |a Imperio Romano  |9 322785 
650 0 |a Cristianismo  |9 257361 
650 7 |a PERSECUCIONES RELIGIOSAS  |2 CL-VaPUC  |9 487614 
583 |a last modification  |c 20040820 00:00:00  |k Rodrigo Vera 
999 |c 310409  |d 310407 
952 |0 0  |1 0  |4 0  |6 270_300000000000000_SAN_1998  |7 0  |8 A  |9 378793  |a BIBHIS  |b BIBHIS  |d 2019-11-21  |i 4044037  |o 270.3 SAN 1998  |p 4044037  |r 2025-01-20  |w 2019-11-21  |y BK  |k HIS